LEADER 01318nam a2200217 4500 001 000000363824 003 CaOOAMICUS 005 20250805154310.0 008 250805s1879 it 000 u ita r 040 $aSeMil$bita 100 1 $aGatti, Vincenzo <1935-2015>.$0(OLS)http://semarc/name/704 245 10$aLettere del R.mo P. Maestro del S. Palazzo Apostolico Vincenzo Gatti, dei predicatori e di S. Eminenza il cardinal Antonino De Luca ... relative al giudizio della S. Sede intorno alle opere di Antonio Rosmini. 264 1$aParabiago :$bTipografia del riformatorio Spagliardi,$c1879. 300 $a15 p. ;$c18 cm 650 4$aRosmini Serbati, Antonio - Scritti e discorsi.$0(OLS)http://semarc/subject/4522 700 1 $aDe Luca, Antonino Saverio.$0(OLS)http://semarc/name/122536 850 $aSeMil 852 $aSeMil$W1$xVenegono$y1$m5B VIII 7/9$j260472$B254681$CSeMilBibl$Z2$F254681 $8I 996 $6245$aLettere del R.mo P. Maestro del S. Palazzo Apostolico Vincenzo Gatti, dei predicatori e di S. Eminenza il cardinal Antonino De Luca ... relative al giudizio della S. Sede intorno alle opere di Antonio Rosmini$9(OLS)http://semarc/title/455141 996 $6264$aParabiago :$bTipografia del riformatorio Spagliardi$9(OLS)http://semarc/publisher/62485 LEADER 01497nam a2200265 i 4500 001 000000252316 003 CaOOAMICUS 005 20161221000000.0 008 161221s1800 it u000 u ita u 013 $a231221 026 $ai.i- n-te o.to lino (3) 0000 (Q) 040 $aSeMil$bita 245 12$aI fasti della Chiesa milanese descritti nella Serie cronologica di tutti gli arcivescovi che sedettero sul soglio della Chiesa Ambrosiana .. 260 $aIn Milano :$bPresso Pietro Agnelli in Santa Margarita,$c[dopo il 1801] 300 $a[8], 316 p., [1] carta di tav. :$britr. ;$c12°. 500 $aProbabilmente pubblicato dopo il 1801 anno di morte del Visconti. - Ritratto di Filippo Visconti. - Segn.: [*]4 A-T8 V6. 650 4$aVescovi milanesi.$0(OLS)http://semarc/subject/2844 650 4$aMilano (Arcidiocesi) - Vescovi - Cronotassi.$0(OLS)http://semarc/subject/44853 650 4$aMilano (Arcidiocesi) - Storia religiosa.$0(OLS)http://semarc/subject/4381 700 1 $aAgnelli, Pietro,$c.$0(OLS)http://semarc/name/2823 850 $aSeMil 852 $aSeMil$W1$xVenegono$y1$m3O I 87 FA$j202662$B202662$CSeMilBibl$Z2$F215414 $8I 961 $aRecupero: Mantegazza 996 $6245$aI fasti della Chiesa milanese descritti nella Serie cronologica di tutti gli arcivescovi che sedettero sul soglio della Chiesa Ambrosiana ..$9(OLS)http://semarc/title/354567 996 $6260$aIn Milano :$bPresso Pietro Agnelli in Santa Margarita$9(OLS)http://semarc/publisher/55503